000 00828nam a22002897a 4500
001 BR7909176
003 BR-BrBNA
005 20230928090442.0
007 ta
008 230509b bl.||||| |||| 00| 0 por d
040 _aBR-BrBNA
_bpor
_cBiblioteca Nacional de Agricultura
041 _a(Por)
072 _aE10; F00
_b2120
_b/G514
090 _ 2120 BR7909176
110 1 _aFundacao Comissao Estadual de Planejamento Agricola do Piaui, Teresina (Brasil)
_94826
245 1 _aProjeto cafe [projeto agricola, economia, producao vegetal, Brasil]
260 3 _aTeresina, PI (Brasil):
_c1979.
300 _a62 p.
500 _a62 tables
650 _aPROJETO AGRICOLA
650 _aPRODUCAO VEGETAL
650 _aECONOMIA
650 _aCAFE
650 _aPIAUI
909 _a202309
_bLucia
_c55
_dLucia Elande
942 _cBK
999 _c28892
_d28892